Механика воздействия наконечников на грунт; (Некоторые аспекты напряженного состояния): учебное пособие для студентов

Dettagli Bibliografici
Autore principale: Ельцов Ю. А. Юрий Алексеевич
Ente Autore: Удмуртский государственный университет
Lingua:russo
Pubblicazione: Ижевск, Изд-во Удмурдского гос. ун-та, 1993
Edizione:2-е изд., перераб. и доп.
Soggetti:
Natura: Libro
KOHA link:https://koha.lib.tpu.ru/cgi-bin/koha/opac-detail.pl?biblionumber=40881

MARC

LEADER 00000nam0a2200000 4500
001 40881
005 20231031013505.0
035 |a (RuTPU)RU\TPU\book\41945 
090 |a 40881 
100 |a 20020528d1993 m y0rusy50 ca 
101 0 |a rus 
102 |a RU 
105 |a a j 001zy 
200 1 |a Механика воздействия наконечников на грунт  |a (Некоторые аспекты напряженного состояния)  |e учебное пособие для студентов  |f Ю. А. Ельцов  |g Удмуртский государственный университет 
205 |a 2-е изд., перераб. и доп. 
210 |a Ижевск  |c Изд-во Удмурдского гос. ун-та  |d 1993 
215 |a 32 с.  |c ил. 
320 |a Библиогр.: с. 32. 
610 1 |a инженерная геология 
610 1 |a грунты 
610 1 |a исследование 
610 1 |a наконечники 
610 1 |a напряженное состояние 
610 1 |a предельное равновесие 
675 |a 624.131.53  |v 3 
700 1 |a Ельцов  |b Ю. А.  |g Юрий Алексеевич 
712 0 2 |a Удмуртский государственный университет 
801 1 |a RU  |b 63413507  |c 20020528  |g PSBO 
801 2 |a RU  |b 63413507  |c 20020614  |g PSBO 
942 |c BK